000 00715nam a2200289Ia 4500
005 20260324114530.0
008 008 260324s9999 xx 000 0 eng d
020 _a9781003162582
037 _aEBOOK
040 _aCRL
040 _beng
040 _cCRL
041 _2eng
041 _aeng
084 _qCRL
100 _aSidney Dekker; Amanda Oates; Joseph Rafferty
_91151143
245 0 _aRestorative Just Culture in Practice
245 0 _bImplementation and Evaluation
260 _bTaylor and Francis
260 _c2022
365 _a
365 _b220
856 _uhttp://www.taylorfrancis.com/books/9781003162582
942 _cEBOOK
999 _c1741389
_d1741389